[Event "JUG Team Ch Cup"]
[Site "Becici"]
[Date "1994.??.??"]
[Round "?"]
[White "Damljanovic, Branko"]
[Black "Kupreichik, Viktor D"]
[Result "1-0"]
[WhiteElo "2560"]
[BlackElo "2515"]
[PlyCount "81"]
[EventDate "1994.??.??"]
[Source "www.chesslib.no"]
[SourceDate "2004.05.04"]

1. Nf3 d5 2. d4 Nf6 3. c4 c6 4. e3 e6 5. Bd3 dxc4 6. Bxc4 a6 7. O-O b5 8. Bd3 c5 9. Qe2 cxd4 10. exd4 Nc6 11. Rd1 Nb4 12. Bg5 Bb7 13. Bxf6 Qxf6 14. Be4 Nd5 15. Nc3 Rd8 16. a4 Bb4 17. Nxd5 Bxd5 18. axb5 a5 19. Ne5 O-O 20. Bxd5 Rxd5 21. Nc6 Qg5 22. b6 Rb5 23. Ne5 Rxb6 24. Nd7 Rd6 25. Nxf8 Kxf8 26. Rac1 Rd5 27. Rc8+ Ke7 28. Rc7+ Kf6 29. Rd3 Bd6 30. Rf3+ Rf5 31. Rcc3 Qh4 32. Rxf5+ exf5 33. g3 Qxd4 34. Rd3 Qb6 35. Rd5 g6 36. Rb5 Qa7 37. b3 a4 38. Qd2 Be5 39. Qd8+ Kg7 40. Rxe5 axb3 41. Re8 1-0

[Event "Santa Clara"]
[Site "Santa Clara"]
[Date "1991.??.??"]
[Round "3"]
[White "Ruban, Vadim"]
[Black "Magem Badals, Jordi"]
[Result "0-1"]
[WhiteElo "2575"]
[BlackElo "2490"]
[PlyCount "72"]
[EventDate "1991.02.??"]
[Source "ChessBase"]

1. d4 d5 2. c4 dxc4 3. Nf3 Nf6 4. e3 e6 5. Bxc4 c5 6. Qe2 a6 7. dxc5 Bxc5 8. O-O Nc6 9. e4 Qc7 10. e5 Nd7 11. Bf4 Nd4 12. Nxd4 Bxd4 13. Rd1 Bc5 14. Nc3 b5 15. Bb3 Bb7 16. Ne4 Bxe4 17. Qxe4 O-O 18. Rac1 Rac8 19. Be3 Rfd8 20. Kf1 Qb6 21. Rxd7 Rxd7 22. Rxc5 Rxc5 23. Qa8+ Rd8 24. Bxc5 Qc7 25. Qa7 Qxe5 26. g3 Qxb2 27. Kg2 Qe5 28. Bd1 Qb8 29. Qxb8 Rxb8 30. Bb3 a5 31. Bd1 Rd8 32. Bf3 Rd2 33. a3 Rb2 34. Bd1 b4 35. axb4 axb4 36. Kf3 Rd2 0-1

[Event "Stockholm"]
[Site "?"]
[Date "1996.??.??"]
[Round "?"]
[White "Gleizerov, E."]
[Black "Degerman, L."]
[Result "1/2-1/2"]
[WhiteElo "2545"]
[BlackElo "2500"]
[PlyCount "104"]
[EventDate "1996.??.??"]
[Source "ChessBase"]
[SourceDate "1996.10.01"]

1. d4 d5 2. c4 dxc4 3. e3 e6 4. Bxc4 Nf6 5. Nf3 c5 6. Qe2 a6 7. dxc5 Bxc5 8. O-O Nc6 9. e4 b5 10. Bb3 e5 11. Be3 Bxe3 12. Qxe3 O-O 13. Nbd2 Bb7 14. Rac1 Qe7 15. Rc5 Rfc8 16. Rfc1 Nd7 17. R5c2 Nd8 18. Rxc8 Rxc8 19. Rxc8 Bxc8 20. Qc3 Bb7 21. Qc7 Kf8 22. Bd5 Nc5 23. Qxe7+ Kxe7 24. Bxb7 Ndxb7 25. Nxe5 Nd6 26. f3 Ke6 27. Nc6 Nd3 28. b3 f5 29. Kf1 fxe4 30. fxe4 Nc1 31. a4 Nxe4 32. Nxe4 Kd5 33. Nb4+ Kxe4 34. Nxa6 Nxb3 35. axb5 Kd5 36. Nc7+ Kc5 37. Ne6+ Kxb5 38. Nxg7 Nc5 39. Kf2 Kc6 40. Kg3 Kd7 41. Kg4 Ke7 42. Kg5 Kf7 43. Kh6 Kg8 44. Nh5 Ne4 45. g4 Kh8 46. h4 Kg8 47. g5 Nd6 48. Ng3 Nf7+ 49. Kh5 Ne5 50. Nf5 Kh8 51. Nd6 Kg7 52. Ne8+ Kg8 1/2-1/2

[Event "Budapest FS03 GM"]
[Site "Budapest"]
[Date "1996.??.??"]
[Round "11"]
[White "Dao Thien Hai"]
[Black "Volzhin, Alexander"]
[Result "1/2-1/2"]
[WhiteElo "2560"]
[BlackElo "2485"]
[PlyCount "35"]
[EventDate "1996.03.??"]
[Source "ChessBase"]

1. d4 d5 2. c4 dxc4 3. Nf3 Nf6 4. e3 e6 5. Bxc4 c5 6. Qe2 a6 7. dxc5 Bxc5 8. O-O Nc6 9. e4 Ng4 10. Bf4 Qf6 11. Bg3 Nge5 12. Nxe5 Nxe5 13. Bb3 O-O 14. Nc3 Bd4 15. Rae1 b5 16. Kh1 Bb7 17. f4 Nc4 18. e5 1/2-1/2

[Event "Berliner Sommer"]
[Site "Berlin"]
[Date "1997.??.??"]
[Round "5"]
[White "Lerner, Konstantin Z"]
[Black "De la Villa Garcia, Jesus Maria"]
[Result "1-0"]
[WhiteElo "2560"]
[BlackElo "2485"]
[PlyCount "97"]
[EventDate "1997.08.??"]
[Source "ChessBase"]
[SourceDate "1997.09.26"]

1. Nf3 d5 2. d4 Nf6 3. c4 dxc4 4. e3 e6 5. Bxc4 c5 6. Qe2 a6 7. dxc5 Bxc5 8. O-O Nc6 9. Nbd2 O-O 10. a3 e5 11. Ng5 Bg4 12. f3 Bf5 13. Nde4 Nxe4 14. Nxf7 Qe7 15. Nd6+ Kh8 16. Nxf5 Rxf5 17. fxe4 Rxf1+ 18. Qxf1 Rd8 19. b4 Rf8 20. Qe1 Bb6 21. Ra2 a5 22. Bd2 axb4 23. axb4 h6 24. h3 Nd8 25. Ra8 Kh7 26. Bd5 Nc6 27. Ra1 Nd8 28. Qe2 Qg5 29. Rf1 Rxf1+ 30. Kxf1 Qf6+ 31. Ke1 Qh4+ 32. Kd1 Qe7 33. Qg4 g6 34. Qe2 h5 35. Qb5 Ba7 36. Ke2 Kh6 37. g3 Kg7 38. h4 Kh6 39. Bb3 g5 40. hxg5+ Kxg5 41. Qd5 Kg4 42. Be1 Kh3 43. Ba4 Nc6 44. b5 Nd8 45. Bb3 Qf6 46. Qd7+ Kg2 47. Qf5 Qxf5 48. exf5 Bb8 49. Ba5 1-0

[Event "Montreal 88/352"]
[Site "?"]
[Date "2003.??.??"]
[Round "?"]
[White "Vera, R."]
[Black "Lesiege, A."]
[Result "1-0"]
[WhiteElo "2509"]
[BlackElo "2535"]
[PlyCount "55"]
[EventDate "2003.??.??"]
[Source "Chess Informant"]
[SourceDate "2003.06.01"]

1. d4 d5 2. c4 dxc4 3. Nf3 Nf6 4. e3 e6 5. Bxc4 c5 6. Qe2 a6 7. dxc5 Bxc5 8. O-O Nc6 9. e4 b5 10. Bb3 Nd4 11. Nxd4 Qxd4 12. Be3 Qe5 13. Bxc5 Qxc5 14. Nd2 Bb7 15. e5 Nd7 16. Rfe1 Rd8 17. Nf1 O-O 18. Rac1 Qb6 19. Rc3 Rc8 20. Rg3 Rc5 21. Qd2 Qc6 22. Qh6 g6 23. f4 Nb6 24. h4 Rc1 25. f5 Rc8 26. fxg6 hxg6 27. Rxc1 Qxc1 28. Rxg6+ 1-0

[Event "Kostic mem"]
[Site "?"]
[Date "1979.??.??"]
[Round "8"]
[White "Lein Anatoly"]
[Black "Marjanovic Slavoljub"]
[Result "1/2-1/2"]
[WhiteElo "2535"]
[BlackElo "2505"]
[PlyCount "153"]
[EventDate "1979.??.??"]
[Source "www.chesslib.no"]
[SourceDate "2004.05.04"]

1. d4 d5 2. c4 e6 3. Nf3 c5 4. e3 Nf6 5. Nc3 Nc6 6. Bd3 a6 7. O-O dxc4 8. Bxc4 b5 9. Bb3 Bb7 10. Qe2 Qc7 11. d5 Na5 12. dxe6 Nxb3 13. exf7+ Qxf7 14. axb3 Bd6 15. e4 O-O 16. Rd1 Bc7 17. Bg5 Qh5 18. Bxf6 Rxf6 19. Rd7 Rf7 20. Rxf7 Qxf7 21. Qe3 Rc8 22. Nd5 Bxd5 23. exd5 Qxd5 24. Rxa6 Qd1+ 25. Ne1 Qd7 26. Ra1 Bd6 27. Nf3 h6 28. g3 Re8 29. Qd3 Qc6 30. Rd1 Be5 31. Nxe5 Rxe5 32. Ra1 Rd5 33. Qf3 Qe6 34. Kg2 Rd8 35. Rc1 Rf8 36. Qe3 Qd5+ 37. Kg1 c4 38. bxc4 bxc4 39. Qc3 Re8 40. h4 Re2 41. Re1 Rd2 42. h5 Rd3 43. Qe5 Qxe5 44. Rxe5 c3 45. bxc3 Rxc3 46. Rf5 Rb3 47. Kg2 Ra3 48. Kh3 Ra4 49. f3 Rc4 50. g4 g6 51. hxg6 Kg7 52. Kg3 Kxg6 53. Re5 Ra4 54. Rd5 Kf6 55. Rd6+ Kg7 56. Re6 Rb4 57. Rd6 Ra4 58. Rd3 Kf6 59. f4 Ra1 60. Rd6+ Kg7 61. Kf3 Rg1 62. Rc6 Kh7 63. Re6 Kg7 64. f5 Rf1+ 65. Kg2 Rf4 66. Kg3 Rf1 67. Re7+ Kg8 68. Re4 Kf7 69. Kg2 Ra1 70. Re6 Kg7 71. Re7+ Kg8 72. Kg3 Rf1 73. Rd7 h5 74. Kh4 hxg4 75. Kg5 g3 76. Kg6 Kf8 77. Kf6 1/2-1/2

[Event "Yerevan (ol)"]
[Site "?"]
[Date "1996.??.??"]
[Round "?"]
[White "Astrom, R."]
[Black "Sadler, M."]
[Result "0-1"]
[WhiteElo "2425"]
[BlackElo "2615"]
[PlyCount "68"]
[EventDate "1996.??.??"]
[Source "ChessBase"]
[SourceDate "1996.06.01"]

1. d4 d5 2. c4 dxc4 3. Nf3 a6 4. e3 Nf6 5. Bxc4 e6 6. Qe2 c5 7. dxc5 Bxc5 8. O-O Nc6 9. Nbd2 O-O 10. Bd3 Be7 11. b3 Nb4 12. Bb1 b5 13. Bb2 Bb7 14. Rd1 Rc8 15. a3 Nbd5 16. Ne4 Qc7 17. Be5 Qb6 18. Bd4 Qc7 19. Be5 Qc6 20. Qb2 Nxe3 21. fxe3 Nxe4 22. Bxg7 Rfd8 23. Bd3 f6 24. Bh6 Qc5 25. h3 Qh5 26. Bf4 e5 27. Bh2 Nc3 28. Bc4+ bxc4 29. Qxc3 Rxd1+ 30. Rxd1 Bxf3 31. gxf3 Qxf3 32. Rf1 Qxh3 33. Bxe5 Qg4+ 34. Kf2 fxe5 0-1

[Event "XXV Festival internazionale - Open A"]
[Site "Bled SLO"]
[Date "2008.02.26"]
[Round "5"]
[White "Khmelniker, Ilya"]
[Black "Lenic, Luka"]
[Result "0-1"]
[WhiteElo "2469"]
[BlackElo "2568"]
[PlyCount "70"]
[EventDate "8.02.24"]
[Source "www.chesslib.no"]
[SourceDate "2004.05.04"]

1. d4 d5 2. Nf3 Nf6 3. c4 c6 4. e3 e6 5. Bd3 dxc4 6. Bxc4 c5 7. O-O Nc6 8. Qe2 a6 9. Bb3 cxd4 10. Rd1 Be7 11. exd4 Na5 12. Bc2 b5 13. Nc3 Bb7 14. Bg5 O-O 15. a3 Nc4 16. Rab1 Rc8 17. Qd3 g6 18. Ne5 Nd7 19. Bxe7 Ndxe5 20. Bxd8 Nxd3 21. Bxd3 Rfxd8 22. Be4 Bxe4 23. Nxe4 Kg7 24. Kf1 Rd5 25. Nc5 Rc6 26. Nb3 Rcd6 27. Ke2 Kf6 28. Kd3 e5 29. Kc3 Rc6 30. Kb4 exd4 31. Rxd4 Rf5 32. a4 bxa4 33. Nd2 Rb5+ 34. Kxa4 Nxb2+ 35. Ka3 Rcb6 0-1

[Event "Belgrade"]
[Site "Belgrade"]
[Date "1994.??.??"]
[Round "1"]
[White "Damljanovic, Branko"]
[Black "Shipov, Sergei"]
[Result "1/2-1/2"]
[WhiteElo "2505"]
[BlackElo "2525"]
[PlyCount "80"]
[EventDate "1994.??.??"]
[Source "ChessBase"]

1. Nf3 d5 2. c4 c6 3. d4 e6 4. e3 Nf6 5. Bd3 dxc4 6. Bxc4 c5 7. O-O a6 8. Qe2 b5 9. Bd3 cxd4 10. exd4 Bb7 11. Rd1 Be7 12. a4 bxa4 13. Rxa4 O-O 14. Nc3 a5 15. Bd2 Nc6 16. Ne4 Nb4 17. Nxf6+ Bxf6 18. Bxb4 axb4 19. Rxb4 Bxf3 20. Qxf3 Qd6 21. Rc4 Rab8 22. b3 Rfd8 23. Bc2 Rb5 24. g3 Rd5 25. Kg2 Rxd4 26. Rdxd4 Bxd4 27. b4 g6 28. b5 Qe5 29. Bd3 Bb6 30. Rc6 Qd4 31. Bc4 Kg7 32. h4 h5 33. Be2 Rd5 34. Qc3 Qxc3 35. Rxc3 Rd2 36. Kf1 Rb2 37. Rc6 Bd4 38. Rd6 Bc5 39. Rc6 Bd4 40. Rd6 Bc5 1/2-1/2

[Event "X Open"]
[Site "Salou SPA"]
[Date "2008.05.16"]
[Round "9"]
[White "Lafuente, P."]
[Black "Mirzoev, A."]
[Result "1/2-1/2"]
[WhiteElo "2483"]
[BlackElo "2543"]
[PlyCount "48"]
[EventDate "2008.05.08"]
[Source "www.chesslib.no"]
[SourceDate "2004.05.04"]

1. d4 d5 2. c4 dxc4 3. Nf3 Nf6 4. e3 e6 5. Bxc4 c5 6. O-O a6 7. Qe2 Nc6 8. Rd1 Qc7 9. Nc3 Be7 10. dxc5 Bxc5 11. b3 b5 12. Bd3 Bb7 13. Ne4 Nxe4 14. Bxe4 f5 15. Bxc6+ Bxc6 16. Bb2 O-O 17. Rac1 Qe7 18. Bd4 Bxf3 19. Qxf3 Bxd4 20. Rxd4 Rac8 21. Rcd1 Rfd8 22. g3 Rxd4 23. Rxd4 h6 24. Qd1 Qa3 1/2-1/2

[Event "US-op"]
[Site "Concord"]
[Date "1995.??.??"]
[Round "9"]
[White "Fedorov, Vladislav"]
[Black "Yermolinsky, Alex"]
[Result "1/2-1/2"]
[WhiteElo "2445"]
[BlackElo "2580"]
[PlyCount "21"]
[EventDate "1995.??.??"]
[Source "www.chesslib.no"]
[SourceDate "2004.05.04"]

1. Nf3 d5 2. d4 c6 3. c4 e6 4. e3 Nf6 5. Bd3 dxc4 6. Bxc4 c5 7. O-O a6 8. Qe2 b5 9. Bd3 Nbd7 10. a4 bxa4 11. Nc3 1/2-1/2

[Event "URS-ch1L"]
[Site "Minsk BLR"]
[Date "1976.??.??"]
[Round "?"]
[White "Taimanov, Mark E"]
[Black "Rashkovsky, Nukhim N"]
[Result "1-0"]
[WhiteElo "2540"]
[BlackElo "2485"]
[PlyCount "41"]
[EventDate "1976.10.??"]
[Source "www.chesslib.no"]
[SourceDate "2004.05.04"]

1. d4 d5 2. c4 dxc4 3. Nf3 Nf6 4. e3 e6 5. Bxc4 c5 6. O-O a6 7. Qe2 Nc6 8. Rd1 Qc7 9. Nc3 b5 10. Bd3 Bb7 11. Bd2 cxd4 12. exd4 Bd6 13. Rac1 Qe7 14. Ne4 Nxe4 15. Bxe4 Nd8 16. Qd3 Bxe4 17. Qxe4 Qb7 18. d5 Qxd5 19. Qg4 Bf8 20. Ba5 Rc8 21. Qf4 1-0

[Event "Open"]
[Site "Geneve"]
[Date "2004.??.??"]
[Round "2"]
[White "Eljanov, Pavel"]
[Black "Almasi, Istvan"]
[Result "1-0"]
[WhiteElo "2597"]
[BlackElo "2425"]
[PlyCount "113"]
[EventDate "2004.??.??"]
[Source "Roberto Alvarez"]
[SourceDate "2004.02.23"]

1. d4 d5 2. c4 dxc4 3. Nf3 e6 4. e3 Nf6 5. Bxc4 c5 6. Qe2 Nc6 7. O-O a6 8. Rd1 Qc7 9. a3 b5 10. Bd3 Bb7 11. Nbd2 cxd4 12. exd4 Be7 13. Ne4 Rd8 14. Be3 Nd5 15. Rac1 Qb6 16. Nc5 Nxe3 17. fxe3 Bxc5 18. Rxc5 g6 19. Qf2 O-O 20. Qh4 f6 21. Rdc1 Rd5 22. Rxd5 exd5 23. Qh3 Bc8 24. Qg3 Ne7 25. Nh4 Bd7 26. Rc7 Qe6 27. Qh3 f5 28. Qg3 Rc8 29. Rxc8+ Bxc8 30. Kf2 Qc6 31. Nf3 Be6 32. Ng5 h6 33. Qb8+ Nc8 34. Nf3 Qc1 35. Qe5 Bf7 36. Kg3 Qc6 37. h4 Nd6 38. Qe7 Qb6 39. Ne5 Qb8 40. Kh3 Qf8 41. Qf6 Be8 42. Qe6+ Kg7 43. Qxd5 g5 44. Qe6 Qf6 45. Qxf6+ Kxf6 46. Kg3 Nf7 47. Nxf7 Bxf7 48. hxg5+ hxg5 49. Kf2 Bd5 50. Be2 g4 51. Bf1 Be4 52. g3 Ke6 53. Ke1 Kd6 54. Kd2 Bc6 55. a4 Kc7 56. axb5 axb5 57. Kc3 1-0

[Event "Asia Ch"]
[Site "Dubai UAE"]
[Date "1996.??.??"]
[Round "?"]
[White "Barus, Cerdas"]
[Black "Adianto, Utut"]
[Result "0-1"]
[WhiteElo "2410"]
[BlackElo "2610"]
[PlyCount "98"]
[EventDate "1996.??.??"]
[Source "www.chesslib.no"]
[SourceDate "2004.05.04"]

1. d4 d5 2. Nf3 Nf6 3. c4 dxc4 4. e3 a6 5. Bxc4 e6 6. O-O c5 7. Qe2 Nc6 8. Rd1 b5 9. dxc5 Qc7 10. Bd3 Nb4 11. a3 Nxd3 12. Qxd3 Bxc5 13. b4 Be7 14. Bb2 Bb7 15. Be5 Qc6 16. Nbd2 O-O 17. Rac1 Rfd8 18. Qb1 Qe8 19. Ng5 h6 20. Ngf3 Rac8 21. h3 Rxc1 22. Rxc1 Rc8 23. Bd4 Nd7 24. Nb3 Bxf3 25. gxf3 Bd6 26. f4 Rxc1+ 27. Qxc1 e5 28. fxe5 Nxe5 29. Bxe5 Bxe5 30. Nc5 Qc8 31. f4 Bd6 32. Kg2 Qc6+ 33. Kf2 Be7 34. Kg3 a5 35. Qc2 Qh1 36. Qe2 Qc1 37. Nd3 Qxa3 38. bxa5 Qxa5 39. Qc2 Qd8 40. Qb3 b4 41. Ne5 Qe8 42. Kf3 Bd6 43. Nd3 Qc8 44. Kg3 Qc6 45. Kf2 Qh1 46. Kg3 Qe4 47. Kf2 g5 48. fxg5 hxg5 49. Ne1 Qh1 0-1

[Event "Bad Zwesten op 1st"]
[Site "Bad Zwesten"]
[Date "1997.??.??"]
[Round "4"]
[White "Lerner, Konstantin Z"]
[Black "Lazarev, Vladimir"]
[Result "1/2-1/2"]
[WhiteElo "2570"]
[BlackElo "2450"]
[PlyCount "48"]
[EventDate "1997.01.02"]
[Source "ChessBase"]

1. d4 d5 2. c4 dxc4 3. Nf3 a6 4. e3 Nf6 5. Bxc4 e6 6. Qe2 c5 7. dxc5 Bxc5 8. O-O Nc6 9. e4 b5 10. Bb3 Nd4 11. Nxd4 Qxd4 12. Nc3 Qe5 13. Be3 Bxe3 14. Qxe3 Ng4 15. Qg3 Qxg3 16. hxg3 Bb7 17. f3 Ne5 18. Rfd1 Ke7 19. Kf2 h5 20. Rd4 Rad8 21. Rad1 Rxd4 22. Rxd4 h4 23. gxh4 Rxh4 24. Rd1 g5 1/2-1/2

[Event "Camp. cubano - 3/8 posto"]
[Site "Santa Clara CUB"]
[Date "2007.01.29"]
[Round "3"]
[White "Hernandez, Hold"]
[Black "Abreu, A."]
[Result "0-1"]
[WhiteElo "2543"]
[BlackElo "2473"]
[PlyCount "42"]
[EventDate "2007.01.27"]
[Source "www.chesslib.no"]
[SourceDate "2004.05.04"]

1. d4 d5 2. c4 dxc4 3. e3 Nf6 4. Bxc4 e6 5. Nf3 a6 6. Qe2 c5 7. dxc5 Bxc5 8. O-O Nc6 9. e4 b5 10. Bb3 Nd4 11. Nxd4 Qxd4 12. Be3 Qe5 13. Bxc5 Qxc5 14. Nc3 Bb7 15. Rad1 Rc8 16. Rfe1 Qe5 17. Qe3 Ng4 18. Qh3 h5 19. Nd5 Qxb2 20. f3 Qf2+ 21. Kh1 Qxe1+ 0-1

[Event "HUN-chT9899"]
[Site "HUN"]
[Date "1999.??.??"]
[Round "?"]
[White "Chernin, Alexander"]
[Black "Krizsany, Laszlo"]
[Result "1-0"]
[WhiteElo "2610"]
[BlackElo "2405"]
[PlyCount "47"]
[EventDate "1998.??.??"]
[Source "www.chesslib.no"]
[SourceDate "2004.05.04"]

1. Nf3 d5 2. c4 dxc4 3. e3 Nf6 4. Bxc4 e6 5. d4 c5 6. Qe2 a6 7. dxc5 Bxc5 8. O-O Nc6 9. e4 Ng4 10. e5 Qc7 11. Bf4 f6 12. Nbd2 Ngxe5 13. Nxe5 fxe5 14. Bg3 O-O 15. Rac1 Bd4 16. Nf3 Rxf3 17. Qxf3 Bxb2 18. Rb1 Bd4 19. Kh1 b5 20. Bb3 Bd7 21. Rbd1 Re8 22. Qe4 Qa7 23. f4 exf4 24. Rxf4 1-0

[Event "HUN-ch Super"]
[Site "Budapest"]
[Date "1995.??.??"]
[Round "5"]
[White "Kallai, Gabor"]
[Black "Gyimesi, Zoltan"]
[Result "1-0"]
[WhiteElo "2490"]
[BlackElo "2525"]
[PlyCount "39"]
[EventDate "1995.11.??"]
[Source "ChessBase"]

1. d4 d5 2. Nf3 Nf6 3. c4 dxc4 4. e3 e6 5. Bxc4 c5 6. Qe2 a6 7. dxc5 Bxc5 8. O-O Nc6 9. e4 Ng4 10. e5 Nd4 11. Nxd4 Qxd4 12. Nd2 b5 13. Bd3 Nxe5 14. Be4 Rb8 15. Nb3 Qb4 16. Bf4 f6 17. Bxe5 fxe5 18. Qh5+ Kf8 19. Qf3+ Ke7 20. a3 1-0

[Event "Asia-ch"]
[Site "Teheran"]
[Date "1998.08.16"]
[Round "3"]
[White "Dao Thien Hai"]
[Black "Ghorbani, Mohsen"]
[Result "1-0"]
[WhiteElo "2580"]
[BlackElo "2430"]
[PlyCount "73"]
[EventDate "1998.09.??"]
[Source "www.chesslib.no"]
[SourceDate "2004.05.04"]

1. d4 d5 2. c4 dxc4 3. Nf3 Nf6 4. e3 e6 5. Bxc4 a6 6. Qe2 c5 7. dxc5 Bxc5 8. O-O Nc6 9. e4 b5 10. Bb3 Bb7 11. e5 Nd7 12. Bf4 Ne7 13. Nbd2 Nd5 14. Bg5 Qb8 15. Ne4 h6 16. Bh4 Be7 17. Bg3 O-O 18. Rfd1 Qa7 19. Nd6 Nc5 20. Bc2 Nb4 21. Bb1 Rfd8 22. a3 Nd5 23. Qc2 f5 24. Nxf5 exf5 25. Qxf5 Qb6 26. Qh7+ Kf8 27. Bg6 Qe6 28. Bh5 Bc8 29. Nh4 Bxh4 30. Bxh4 Bb7 31. Bxd8 Rxd8 32. Rac1 Nd7 33. Qh8+ Qg8 34. Qxg8+ Kxg8 35. Bf3 N7b6 36. Rc7 Ba8 37. Ra7 1-0

[Event "World Open"]
[Site "Philadelphia, PA USA"]
[Date "1991.??.??"]
[Round "?"]
[White "Olafsson, Helgi"]
[Black "Bonin, Jay R"]
[Result "1/2-1/2"]
[WhiteElo "2590"]
[BlackElo "2420"]
[PlyCount "41"]
[EventDate "1991.07.??"]
[Source "www.chesslib.no"]
[SourceDate "2004.05.04"]

1. d4 d5 2. c4 dxc4 3. e3 Nf6 4. Bxc4 e6 5. Nf3 c5 6. Nc3 Nc6 7. O-O a6 8. Qe2 Qc7 9. h3 Bd6 10. dxc5 Bxc5 11. e4 Nh5 12. Rd1 Nf4 13. Bxf4 Qxf4 14. e5 O-O 15. Qe4 Qxe4 16. Nxe4 Be7 17. Rd2 b5 18. Be2 Bb7 19. Nd6 Bxd6 20. Rxd6 Rfd8 21. Rad1 1/2-1/2

[Event "Elista ol (Men)"]
[Site "Elista"]
[Date "1998.10.12"]
[Round "13"]
[White "Temirbaev, Serik"]
[Black "Efimov, Igor"]
[Result "1-0"]
[WhiteElo "2475"]
[BlackElo "2530"]
[PlyCount "79"]
[EventDate "1998.09.29"]
[Source "ChessBase"]
[SourceDate "1998.11.06"]

1. Nf3 d5 2. d4 Nf6 3. c4 dxc4 4. e3 e6 5. Bxc4 c5 6. O-O a6 7. Qe2 Nbd7 8. a4 Qc7 9. Nc3 b6 10. d5 e5 11. e4 Bd6 12. Nh4 g6 13. Bh6 Nh5 14. g3 Ndf6 15. f3 Qe7 16. Ng2 Ra7 17. Rae1 Ng8 18. Bd2 Ng7 19. Qd3 f6 20. f4 Qd8 21. Nh4 Qe7 22. Nf3 Nh5 23. fxe5 fxe5 24. Ng5 Ng7 25. Rf7 Qxf7 26. Nxf7 Kxf7 27. Rf1+ Ke8 28. a5 bxa5 29. Bb5+ Kd8 30. Bc6 Bh3 31. Rf2 Ne7 32. Na4 Nxc6 33. dxc6 Ne8 34. Bxa5+ Ke7 35. Nb6 Rf8 36. Nd5+ Ke6 37. Rxf8 Bxf8 38. c7 Nd6 39. Qf3 Bh6 40. g4 1-0

[Event "JUG Team Ch"]
[Site "Nis YUG"]
[Date "1994.??.??"]
[Round "?"]
[White "Damljanovic, Branko"]
[Black "Komliakov, Viktor"]
[Result "1-0"]
[WhiteElo "2560"]
[BlackElo "2445"]
[PlyCount "75"]
[EventDate "1994.10.??"]
[Source "www.chesslib.no"]
[SourceDate "2004.05.04"]

1. Nf3 d5 2. c4 c6 3. d4 Nf6 4. e3 a6 5. Bd3 dxc4 6. Bxc4 e6 7. O-O c5 8. Qe2 Nc6 9. Rd1 b5 10. dxc5 Bd7 11. Bb3 Bxc5 12. h3 Qb6 13. Nc3 O-O 14. e4 e5 15. Be3 Bxe3 16. fxe3 Be6 17. Bd5 Bxd5 18. Nxd5 Nxd5 19. exd5 e4 20. dxc6 exf3 21. Qxf3 Rac8 22. Rac1 Rfe8 23. Rc3 b4 24. Rd7 Rf8 25. Rc4 Qa5 26. c7 Qxa2 27. Rxb4 h6 28. Qf4 Qe6 29. Qd4 Kh7 30. Qe4+ Qxe4 31. Rxe4 Kg6 32. Ra4 Kf5 33. Rxa6 Ke4 34. Kf2 Ke5 35. b4 g6 36. Kf3 f6 37. b5 Rfe8 38. Rc6 1-0

[Event "Sigeman & Co 12th"]
[Site "Malmo/Copenhagen"]
[Date "2004.05.06"]
[Round "6"]
[White "Agrest, Evgenij"]
[Black "Aagaard, Jacob"]
[Result "1/2-1/2"]
[WhiteElo "2601"]
[BlackElo "2400"]
[PlyCount "130"]
[EventDate "2004.04.30"]
[Source "ChessBase"]
[SourceDate "2004.07.27"]

1. Nf3 d5 2. d4 Nf6 3. c4 dxc4 4. e3 e6 5. Bxc4 c5 6. Qe2 a6 7. dxc5 Bxc5 8. O-O Nc6 9. Bd3 b5 10. Nbd2 O-O 11. Rd1 Qe7 12. a3 Bd6 13. a4 bxa4 14. Nc4 Bc5 15. Bc2 Bb7 16. Bxa4 Rfd8 17. Bd2 Rd5 18. Be1 h6 19. h3 Rb8 20. Bb3 Rdd8 21. Rxd8+ Qxd8 22. Bc2 Qe7 23. Bc3 Nd5 24. Bd2 Rd8 25. e4 Ndb4 26. Bb1 e5 27. Ne3 Bxe3 28. Qxe3 Nd4 29. Ne1 Bc8 30. Ra4 Nbc6 31. Rc4 Be6 32. Rc3 Qb7 33. Nd3 Qb5 34. Kh2 Nb3 35. Be1 Ncd4 36. f4 exf4 37. Nxf4 Nc5 38. Qf2 Na4 39. Ra3 Nxb2 40. Qg3 Nc4 41. Bd3 Qb6 42. Ra4 Ne5 43. Bf2 Qb2 44. Bf1 Ndc6 45. Rxa6 Rd1 46. Be2 Rd2 47. Nh5 Ng6 48. Rxc6 Rxe2 49. Rb6 Qe5 50. Qxe5 Nxe5 51. Kg3 Rxe4 52. Rd6 Ng6 53. Bd4 Kh7 54. Rd8 Ne7 55. Ba1 Nf5+ 56. Kf3 Ra4 57. Bb2 Rb4 58. Rd2 Nh4+ 59. Kf2 Kg6 60. g4 Rb3 61. Bxg7 Rf3+ 62. Ke2 Rxh3 63. Nf4+ Kxg7 64. Nxh3 Bxg4+ 65. Kf2 Bxh3 1/2-1/2

[Event "Odorheiu Secuiesc zt"]
[Site "Odorheiu Secuiesc"]
[Date "1995.??.??"]
[Round "4"]
[White "Marin, Mihail"]
[Black "Varga, Zoltan"]
[Result "1-0"]
[WhiteElo "2540"]
[BlackElo "2460"]
[PlyCount "111"]
[EventDate "1995.03.??"]
[Source "ChessBase"]

1. d4 d5 2. c4 dxc4 3. e3 Nf6 4. Bxc4 e6 5. Nf3 a6 6. Qe2 c5 7. dxc5 Bxc5 8. O-O Nc6 9. Nbd2 O-O 10. Bd3 Ba7 11. b3 b5 12. Ba3 b4 13. Bb2 Bb7 14. Ng5 h6 15. Nge4 Nxe4 16. Bxe4 f5 17. Bf3 Qe7 18. Rac1 Rac8 19. Rc4 Na5 20. Bxb7 Qxb7 21. Rcc1 Rxc1 22. Rxc1 Rc8 23. Rxc8+ Qxc8 24. Nf3 Bc5 25. h3 Be7 26. e4 fxe4 27. Qxe4 Nc6 28. Qc4 Qd7 29. Qxa6 Qd1+ 30. Qf1 Qc2 31. Qc1 Qxc1+ 32. Bxc1 e5 33. Bb2 Bd6 34. Kf1 Kf7 35. Ke2 Ke6 36. Nd2 Kd5 37. Nc4 Bc5 38. f3 g6 39. Kd3 h5 40. Bc1 Bd4 41. Bh6 Nd8 42. a4 bxa3 43. Nxa3 Ne6 44. b4 g5 45. Nc2 Nf4+ 46. Kd2 Nxg2 47. Bxg5 Ba7 48. Kd3 Bb6 49. b5 Bc5 50. Ne3+ Bxe3 51. Bxe3 Ne1+ 52. Ke2 Nc2 53. b6 Kc6 54. Kd3 Na3 55. Bf2 Nb1 56. Bc5 1-0

[Event "Budapest FS08 GM"]
[Site "Budapest"]
[Date "1997.08.06"]
[Round "5"]
[White "Mikhalevski, Alexander"]
[Black "Lukacs, Peter"]
[Result "1/2-1/2"]
[WhiteElo "2470"]
[BlackElo "2520"]
[PlyCount "23"]
[EventDate "1997.08.02"]
[Source "ChessBase"]
[SourceDate "1997.09.26"]

1. d4 d5 2. c4 c6 3. Nf3 Nf6 4. e3 e6 5. Bd3 dxc4 6. Bxc4 c5 7. Qe2 a6 8. dxc5 Bxc5 9. O-O Nc6 10. e4 b5 11. e5 bxc4 12. exf6 1/2-1/2

[Event "Budapest FS06 GM"]
[Site "Budapest"]
[Date "1997.??.??"]
[Round "12"]
[White "Dao Thien Hai"]
[Black "Krizsany, Laszlo"]
[Result "1-0"]
[WhiteElo "2555"]
[BlackElo "2435"]
[PlyCount "59"]
[EventDate "1997.06.??"]
[Source "ChessBase"]
[SourceDate "1997.07.29"]

1. d4 d5 2. c4 dxc4 3. Nf3 Nf6 4. e3 e6 5. Bxc4 c5 6. Qe2 a6 7. dxc5 Bxc5 8. O-O Nc6 9. e4 Ng4 10. e5 Nd4 11. Nxd4 Qxd4 12. Nd2 Nxe5 13. Nb3 Qxc4 14. Qxe5 Bf8 15. Be3 f6 16. Qg3 e5 17. f4 Bd6 18. Rad1 Be7 19. Rc1 Qe6 20. fxe5 O-O 21. Bd4 Bd7 22. Rfe1 f5 23. Rc7 f4 24. Qh3 Qxh3 25. gxh3 Bh4 26. Rxd7 Bxe1 27. e6 Rf6 28. Bxf6 gxf6 29. Kf1 Bh4 30. Nd4 1-0